| 000 | 00420nam a2200157Ia 4500 | ||
|---|---|---|---|
| 003 | SGT | ||
| 020 | _a9780070601871 | ||
| 082 |
_a532 _bSTR |
||
| 100 | _aStreter,V.L. | ||
| 245 | _aFluid Mechanics | ||
| 260 |
_bTata McGraw Hill Education Private Limited _aNew Delhi _c1983 |
||
| 300 | _a582p. | ||
| 650 | _aMechanical Engineering,Fluid Mechanics,Fundamentals of Fluid Mechanics | ||
| 700 | _aWylie,E.B | ||
| 942 |
_2ddc _cBK |
||
| 999 |
_c5162 _d5162 |
||